00672nam a2200241Ia 4500001000700000008004100007010001100048082001300059100002900072245008000101260005700181300001100238440000500249500000500254503000800259650003500267650007400302901001300376902000600389910000900395942000700404999001900411Z_2757220113s1989 xx 000 0 und d a165816 a633.3 M3 aMarten, G. C.9138708 aPersistence of forage legumes /cby G. C. Marten... /cand others /c aMadison, Wis :bAmerican Society of Agronomy,c1989 a572 p. a a aC/E aLeguminosasxCongresos 965817 aPlantas forrajerasxCongresos I. American Society of Agronomy9139844 a633.3 M3 aA a1989 cc1 c165816d165816